Zawodnicy Legii Warszawa - Statystyki

Ogólne statystyki
  • Ten quiz został rozwiązany 102 razy
  • Średni wynik to 11 z 27
Statystyki odpowiedzi
Numer Narodowość
Pozycja
Odpowiedź % Poprawnych
1 Polska bramkarz Kacper Tobiasz
99%
27 Portugalia pomocnik Josue
68%
5 Portugalia obrońca Yuri Ribeiro
62%
6 Szwecja obrońca Mattias Johansson
51%
55 Polska obrońca Artur Jędrzejczyk
50%
9 Słowenia napastnik Blaz Kramer
49%
13 Polska napastnik Paweł Wszołek
49%
99 Polska pomocnik Bartosz Ślisz
47%
20 Albania pomocnik Ernest Muci
47%
39 Polska napastnik Maciej Rosołek
47%
19 Hiszpania napastnik Carlitos
46%
8 Polska pomocnik Rafał Augustyniak
43%
67 Polska pomocnik Bartosz Kapustka
42%
30 Polska bramkarz Dominik Hładun
39%
25 Serbia obrońca Filip Mladenović
39%
16 Albania pomocnik Jurgen Celhaka
39%
31 Polska bramkarz Cezary Miszta
38%
29 Mauritius obrońca Lindsay Rose
38%
28 Niemcy napastnik Makana Baku
38%
17 Polska obrońca Maik Nawrocki
36%
14 Ukraina pomocnik Igor Kharatin
34%
11 Słowacja pomocnik Robert Pich
34%
86 Polska pomocnik Igor Strzałek
33%
18 Polska pomocnik Patryk Sokołowski
28%
63 Polska pomocnik Jakub Kisiel
13%
22 Polska napastnik Kacper Skibicki
13%
36 Polska obrońca Nikodem Niski
9%
Nie znaleziono quizów pasujących do podanych kryteriów
Rozkład punktacji
Procent ludzi z każdym wynikiem
Percentyl według liczby udzielonych odpowiedzi
Twoja historia wyników
Nie rozwiązałeś tego quizu